Sports Quiz

Random Sports or Baseball Quiz
Score 0/300 Timer 15:00
2 Plays Today
Year Player % Correct
1993Barry Bonds and Juan Gonzalez
94.8%
1996Alex Rodriguez
94%
1998Alex Rodriguez
94%
1999Alex Rodriguez
94%
2000Alex Rodriguez
94%
2001Alex Rodriguez
94%
2002Alex Rodriguez
94%
2003Alex Rodriguez
94%
2005Alex Rodriguez
94%
2007Alex Rodriguez
94%
2008Alex Rodriguez
94%
2007David Ortiz and Jim Thome
92.9%
1992Barry Bonds
92.5%
1994Barry Bonds
92.5%
1997Barry Bonds
92.5%
2000Barry Bonds
92.5%
2001Barry Bonds
92.5%
2002Barry Bonds
92.5%
2003Barry Bonds
92.5%
1998Sammy Sosa
90.4%
1999Sammy Sosa
90.4%
2000Sammy Sosa
90.4%
2001Sammy Sosa
90.4%
2002Sammy Sosa
90.4%
2003Sammy Sosa
90.4%
1992Mark McGwire
90.3%
1996Mark McGwire
90.3%
1997Mark McGwire
90.3%
1998Mark McGwire
90.3%
1999Mark McGwire
90.3%
2004David Ortiz
88.8%
2005David Ortiz
88.8%
2006David Ortiz
88.8%
2010David Ortiz
88.8%
2001Todd Helton and Jim Thome
86%
2006Troy Glaus and Aramis Ramirez
85.6%
2001Jose Cruz and Andruw Jones
85.2%
2006Carlos Beltran and Andruw Jones
85.1%
2001Manny Ramirez
83.9%
2005Manny Ramirez
83.9%
2008Hanley Ramirez
83.7%
1993Ken Griffey, Jr.
83.6%
1994Ken Griffey, Jr.
83.6%
1997Ken Griffey, Jr.
83.6%
1998Ken Griffey, Jr.
83.6%
1999Ken Griffey, Jr.
83.6%
2007Ken Griffey Jr.
83.6%
1992Juan Gonzalez
82.7%
1996Juan Gonzalez
82.7%
1997Juan Gonzalez
82.7%
1999Chipper Jones
82.7%
2002Jim Thome
82.6%
2003Jim Thome
82.6%
2008Jim Thome
82.6%
2002Andruw Jones
82.6%
2005Andruw Jones
82.6%
1993Mike Piazza
81.9%
1994Mike Piazza
81.9%
1995Mike Piazza
81.9%
1997Mike Piazza
81.9%
1999Mike Piazza
81.9%
2000Mike Piazza
81.9%
2001Mike Piazza
81.9%
2002Mike Piazza
81.9%
2019Mike Trout
81.9%
2013Adam Jones
81.5%
2004Albert Pujols
81.3%
2009Albert Pujols
81.3%
2010Albert Pujols
81.3%
2004Javy Lopez and Victor Martinez
81%
2007Prince Fielder
79.7%
1990Cecil Fielder
79.5%
1991Cecil Fielder
79.5%
2011David Ortiz
79.3%
2018Mike Trout
78.8%
1995Edgar Martinez
77.3%
2007Victor Martinez
77.2%
2006Ryan Howard
77%
2008Ryan Howard
77%
2018J.D. Martinez
76.8%
2012Miguel Cabrera
76.4%
2013Miguel Cabrera
75.2%
2013Chris Davis
75.1%
1993Carlos Baerga, Craig Biggio, and Jeff Kent
74.6%
2017Giancarlo Stanton
74.3%
2015Mike Trout
73.8%
1991Frank Thomas
73.6%
1993Frank Thomas
73.6%
1995Frank Thomas
73.6%
2000Frank Thomas
73.6%
2003Frank Thomas
73.6%
2015Chris Davis
73.6%
1994Dante Bichette, Joe Carter, and Gary Sheffield
73%
2016Khris Davis
72.1%
2014Mike Trout
72%
2017Khris Davis
71.8%
2018Khris Davis
71.7%
2012Curtis Granderson and Josh Hamilton
68.8%
2010Jose Bautista
68.6%
1997Jeff Kent
68.5%
Year Player % Correct
1998Jeff Kent
68.5%
2000Jeff Kent
68.5%
1994Jeff Bagwell
67.2%
2000Jeff Bagwell
67.2%
1990Darryl Strawberry and Jose Canseco
67.2%
1990Cal Ripken, Jr.
65.7%
1991Cal Ripken, Jr.
65.7%
1993Cal Ripken, Jr.
65.7%
1996Brady Anderson
65.5%
1990Matt Williams
65.3%
1993Matt Williams
65.3%
1994Matt Williams
65.3%
2018Nelson Cruz
65.1%
1991Jose Canseco
65.1%
1994Jose Canseco
65.1%
1998Jose Canseco
65.1%
2019Pete Alonso
64.9%
199212 pitchers tied with 1
64.7%
2006Chase Utley
64.7%
2008Chase Utley
64.7%
1997Larry Walker
64.6%
2017Nelson Cruz
64.4%
1998Javy Lopez
64%
2003Javy Lopez
64%
2007Carlos Beltran
63.8%
2001Troy Glaus and Phil Nevin
63.7%
2016Nelson Cruz
63.6%
2012Josh Hamilton
63.2%
2012Robinson Cano
63.1%
2014Nelson Cruz
63.1%
2015Nelson Cruz
63%
2000Troy Glaus
62.8%
1992Gary Sheffield
62.7%
2005Gary Sheffield
62.7%
2014Neil Walker
62.5%
1995Craig Biggio
62.4%
2010Josh Hamilton
62.3%
2019Cody Bellinger
62.3%
2004Adrian Beltre
62.1%
1997Joey Hamilton
62.1%
2006Ramon Hernandez and Jorge Posada
61.4%
2013Robinson Cano
61.4%
2011Zach Duke, Cliff Lee, Kevin Millwood, and Carlos Zambrano
60.6%
2005Derrek Lee
60.3%
1999Jay Bell
60.2%
2011Jose Bautista
60.1%
1992Joe Carter
59.7%
1991Howard Johnson
59.5%
2016Chris Carter
58.7%
1991Albert Belle
58.5%
1992Albert Belle
58.5%
1995Albert Belle
58.5%
1996Albert Belle
58.5%
2006Carlos Zambrano
58.1%
2008Carlos Zambrano
58.1%
2009Carlos Zambrano
58.1%
2016Madison Bumgarner
57.8%
2004Adam Dunn
57.7%
2007Adam Dunn
57.7%
2008Adam Dunn
57.7%
2013Troy Tulowitzki and J.J. Hardy
57.4%
2017Madison Bumgarner
57.2%
2009Curtis Granderson
56.5%
2007Jimmy Rollins
56.3%
2013Adam Dunn
55.8%
2015Madison Bumgarner
55.8%
2009Troy Tulowitzki
55.5%
2010Troy Tulowitzki
55.5%
1999Rafael Palmeiro
54%
2002Alfonso Soriano
53.9%
2003Alfonso Soriano
53.9%
2004Alfonso Soriano
53.9%
2005Alfonso Soriano
53.9%
2006Alfonso Soriano
53.9%
2014Giancarlo Stanton
53.5%
2019Gary Sanchez
52.8%
2011Ryan Braun
52.8%
1996Ken Caminiti and Vinny Castilla
52.5%
2011J.J. Hardy and Troy Tulowitzki
52.4%
2016Nolan Arenado
52.4%
1998Greg Vaughn
52.2%
1999Greg Vaughn
52.2%
2004Vladimir Guerrero
51.9%
2011Curtis Granderson
51.8%
2009Joe Mauer
51.7%
2004Miguel Tejada
51.6%
2005Miguel Tejada
51.6%
1997Nomar Garciaparra
51.4%
2015Edwin EncarnaciĆ³n
50.9%
2013Alfonso Soriano
50.6%
2014Madison Bumgarner
49.6%
2008Geovany Soto and Brian McCann
48.5%
2015Nolan Arenado
48%
1997Vinny Castilla
48%
1998Vinny Castilla
48%
2017Gary Sanchez
47.7%
1995Jim Edmonds
46.7%
2003Jim Edmonds
46.7%
2004Jim Edmonds
46.7%
2011Mark Teixeira
46.7%
Year Player % Correct
2010Brian McCann
46.2%
1990Ryne Sandberg
45.5%
1991Ryne Sandberg
45.5%
1992Ryne Sandberg
45.5%
1996Ryne Sandberg
45.5%
2017Cody Bellinger
45.1%
2019Eugenio Suarez
43.8%
1995Jay Buhner
43.5%
2015Brian McCann
43%
2012Edwin Encarnacion
42.9%
2012Giancarlo Stanton
42.4%
2001Mike Hampton
42.2%
2002Mike Hampton
42.2%
1994Carlos Baerga
42.1%
2007Dan Uggla
41.8%
2010Dan Uggla
41.8%
2005Brad Hennessey, Livan Hernandez, and Eric Milton
41.5%
2012Madison Bumgarner, Mike Leake, and Alex White
41%
2001Bret Boone
40.7%
1996Steve Avery, Jim Bullinger, Dave Burba, Jason Isringhausen, and Shane Reynolds
39.6%
2016Mark Trumbo
39.3%
19947 pitchers tied with 1
39.1%
2009Mark Reynolds
38.4%
2010Mark Reynolds
38.4%
2019Jorge Soler
38.4%
2018Francisco Lindor
37.6%
2014Jose Abreu
36.9%
2017Francisco Lindor
36.3%
2011Dan Uggla
36%
2016Brian Dozier
35.5%
2006Jermaine Dye
35.5%
1993David Justice
34.7%
2019Zack Greinke
33.6%
2017Brian Dozier
33.4%
2011Mark Reynolds
32.9%
1996Todd Hundley
31%
2015Brian Dozier
30.6%
2009Jason Bay
30.5%
2005Jason Varitek
30.3%
2019Gleyber Torres
28.9%
2018Salvador Perez
28.6%
2014Justin Upton
28.6%
2010Vernon Wells
27.6%
2009Aaron Hill
26%
2009Jayson Werth
26%
1990Kevin Mitchell
25.6%
2002Eric Chavez
25.5%
1993Dwight Gooden, Tommy Greene, Chris Hammond, and Armando Reynoso
24.7%
2015Carlos Correa
24.4%
2003Mike Lowell
24.1%
2017Charlie Blackmon
23.9%
2018Matt Carpenter
23.9%
2002Ellis Burks
23.9%
2013Jay Bruce
23.8%
1990Ron Gant
22.3%
1991Ron Gant
22.3%
1991Tommy Greene
21%
2000Richard Hidalgo
20.9%
2016Charlie Blackmon
20.4%
2007Micah Owings
20.4%
2009Adam Lind
20.3%
1995Steve Avery, John Smiley, and Fernando Valenzuela
20.2%
2018Joey Gallo
19.7%
1991Mickey Tettleton
19.7%
1992Mickey Tettleton
19.7%
2019Max Muncy
19.6%
2008Grady Sizemore
19.6%
2011Mike Napoli
19.5%
2014Todd Frazier
19.4%
2017Joey Gallo
19.3%
2015Yoenis Cespedes
18.8%
2013Matt Wieters
18.3%
2013Travis Wood
17.6%
1998Kerry Wood
17%
2019Kyle Schwarber
16.4%
2016Yasmani Grandal
15.5%
1992Travis Fryman
14.2%
2016Brad Miller
14%
1995Gary Gaetti
13.9%
2006Bill Hall
13.8%
1990Lance Parrish
13.7%
2014Ian Desmond
13%
2012Adam LaRoche
12.3%
1990Derek Lilliquist and Don Robinson
12.1%
2018Ozzie Albies
11.5%
2012Ian Desmond
11.4%
1990Dave Parker
11.3%
1999Alex Fernandez
11%
1995John Valentin
10.3%
1993Danny Tartabull
9.9%
2018Michael Lorenzen
8.8%
2012Wilin Rosario
8.7%
2008Ryan Ludwick
8.1%
2010Yovani Gallardo
7.6%
2014Devin Mesoraco
6.4%
1996Geronimo Berroa
3.6%
1994Wil Cordero
3.1%
2004Randy Wolf
3%
2003Brooks Kieschnick
2.5%
2000Darren Dreifort
1.9%
Remove Ads.
Support Sporcle.
Get the best of Sporcle when you Go Orange. This ad-free experience offers more features, more stats, and more fun while also helping to support Sporcle. Thank you for becoming a member.

You're not logged in!

Compare scores with friends on all Sporcle quizzes.
OR
Log In

Sporcle TV

Today on Sporcle TV


Watch our educational content, quiz creation guides, and fun videos on Sporcle TV.

Show Comments

Extras

Top Quizzes Today


Score Distribution

Paid Content

Your Account Isn't Verified!

In order to create a playlist on Sporcle, you need to verify the email address you used during registration. Go to your Sporcle Settings to finish the process.

Report this User

Report this user for behavior that violates our Community Guidelines.

Details: